Planets of the Solar System (Picture Quiz) - Statistics

General Stats
  • This quiz has been taken 109 times
    4 since last reset
  • The average score is 8 of 8
Answer Stats
Hint Extra Hint Answer % Correct
Jupiter Gas giant, the fifth closest to the Sun / Earth years to orbit the Sun : 11.86 / The largest planet in the Solar System / Has the Great Red Spot on its surface 330px-Hubble%E2%80%99s_observation_of_Jupiter_in_2021_%2851688147562%29.jpg
100%
Venus Terrestrial (rocky) planet, the second closest to the Sun / Earth days to orbit the Sun : 225 / Spins in the opposite direction from most planets / The hottest planet in the Solar System (≈ + 470 °C) 330px-PIA23791-Venus-RealAndEnhancedContrastViews-20200608_%28cropped%29.jpg
100%
Earth Terrestrial (rocky) planet, the third closest to the Sun / Earth days to orbit the Sun : 365.25 / Two-thirds of its surface is covered by liquid water / The only planet known to harbor life 330px-The_Blue_Marble_%28remastered%29.jpg
100%
Neptune Ice giant, the eighth closest to the Sun (≈ 4.5 billion km) / Earth years to orbit the Sun : 164.8 / Home to the fastest winds in the Solar System (≈ 2,000 km/h ⇔ 1,250 mph) 80628732d9-450.webp
100%
Mars Terrestrial (rocky) planet, the fourth closest to the Sun / Earth days to orbit the Sun : 687 / Called the "Red Planet" / Home to Olympus Mons (the largest known volcano in the Solar System) Mars.jpg.webp?itok=Dawzk3im
100%
Mercury Terrestrial (rocky) planet, the closest to the Sun (≈ 50 million km) / Earth days to orbit the Sun : 88 / No significant atmosphere / Extreme temperature variations : from - 180 °C to + 430 °C Mercure.jpg.webp?itok=MDxfDkH6
100%
Saturn Gas giant, the sixth closest to the Sun / Earth years to orbit the Sun : 29.44 / Best known for its rings / Has ≈ 270 moons, including Titan (which has an atmosphere) Saturne.png.webp?itok=BBgr2daE
100%
Uranus Ice giant, the seventh closest to the Sun / Earth years to orbit the Sun : 84 / Discovered in 1781 by William Herschel / Rotational axis almost horizontal to its orbital plane Uranus.jpg.webp?itok=VpH-_PLj
100%
No matching quizzes found
Score Distribution
Percent of People with Each Score
Percentile by Number Answered
Your Score History
You have not taken this quiz since the last reset